| 000 | 00376nam a2200133Ia 4500 | ||
|---|---|---|---|
| 005 | 20251223000719.0 | ||
| 008 | 251222s9999||||xx |||||||||||||| ||spa|| | ||
| 082 | _a352.23/G24/T.II | ||
| 100 | _aGarcia Vega, Enrique Silvestre | ||
| 245 | 0 | _aHistoria de la Presidencia del Consejo de Ministros: | |
| 250 | _a1ra. ed. | ||
| 264 | _bEmpresa Peruana de Servicios | ||
| 942 | _cLIB | ||
| 999 |
_c41572 _d41572 |
||